| 000 | 00511nam a2200205Ia 4500 | ||
|---|---|---|---|
| 005 | 20230117115151.0 | ||
| 008 | 131103s9999 xx 000 0 und d | ||
| 020 | _cRs.4 | ||
| 040 | _aLoreto College | ||
| 041 | _aEnglish | ||
| 082 |
_a954 _bNOB |
||
| 100 | _aNivedita,Sister | ||
| 245 |
_aFootfalls of Indian History _cSister Nivedita |
||
| 260 |
_aCalcutta _bAdvaita Ashrama _c[19 - ?] |
||
| 300 | _a265 p. | ||
| 650 | _aHistory Of India | ||
| 651 | _aIndian History | ||
| 850 | _aLCLIB | ||
| 942 | _cBK | ||
| 999 |
_c8973 _d59452 |
||